| 000 | 01134nam a2200301 a 4500 | ||
|---|---|---|---|
| 001 | 000114525 | ||
| 003 | CHAP | ||
| 005 | 20220329144445.0 | ||
| 008 | 180212s2017 mx a fsm |||||||spa d | ||
| 010 | _a110986 | ||
| 011 | _a111958 | ||
| 040 | _cCHAP | ||
| 090 | _aTesis | ||
| 100 | 1 |
_aHernández Gregorio, Florentina _9126725 |
|
| 245 | 1 | 0 |
_aManejo químico en cafeto para el control de roya (Hemileia vastatrix Berk & Br) en Cerro Amarillo Chico, Oaxaca / _h[En línea] _cpor Florentina Hernández Gregorio. |
| 260 |
_aChapingo, Méx. : _bEl autor, _c2017. |
||
| 500 | _aPara ver el contenido del material haga clic en la liga | ||
| 502 | _aTesis (M. C. . en Protección Vegetal) -- UACH. Departamento de Parasitología Agrícola | ||
| 590 |
_aE8697GMM _b05 _c20180212 _lUCH01 _h0941 |
||
| 590 |
_aE8697GMM _b05 _c20180212 _lUCH01 _h0956 |
||
| 650 | 1 | 4 |
_aCafé _xEnfermedades por hongos. _917139 |
| 650 | 1 | 4 |
_aFungicidas _xEfecto en café. _9134638 |
| 650 | 1 | 4 |
_aRoya del café _xControl. _9132678 |
| 856 |
_aFinding aid _uhttp://10.13.5.2/tesis/sist114525.pdf _zTeclea aquí |
||
| 901 | _aBK | ||
| 942 | _cTESIS | ||
| 942 | _n0 | ||
| 999 |
_c110986 _d110986 |
||